书目信息 |
| 题名: |
女人和嫉妒
|
|
| 作者: | 马瑞芳 著 | |
| 分册: | ||
| 出版信息: | 天津 百花文艺出版社 1998.11 |
|
| 页数: | 327页 | |
| 开本: | 32开 | |
| 丛书名: | ||
| 单 册: | ||
| 中图分类: | I267 | |
| 科图分类: | ||
| 主题词: | 散文--中国 , 散文--作品综合集--中国 | |
| 电子资源: | ||
| ISBN: | 7-5306-2117-3 | |
| 000 | 00562nam0 2200205 45 | |
| 001 | 0009021166 | |
| 005 | 20000902112312.0 | |
| 010 | @a7-5306-2117-3@d15.00元 | |
| 100 | @a20000902d1998 km y0chiy0120 ea | |
| 101 | 0 | @achi |
| 105 | @a z 000yy | |
| 200 | 1 | @a女人和嫉妒@ANu Ren He Ji Du@f马瑞芳著@FMa Rui Fang Zhu |
| 210 | @a天津@c百花文艺出版社@d1998.11 | |
| 215 | @a327页@d32开 | |
| 606 | 0 | @a散文@x中国 |
| 606 | 0 | @a散文@x作品综合集@x中国 |
| 690 | @aI267@v3 | |
| 701 | 0 | @a马瑞芳@4著 |
| 801 | @aCN@bPftUser@c20000902 | |
| 905 | @b115265-269@dI267@eM251@f5 | |
| 女人和嫉妒/马瑞芳著.-天津:百花文艺出版社,1998.11 |
| 327页;32开 |
| ISBN 7-5306-2117-3:15.00元 |
| ● |
| 相关链接 |
|
|
|
正题名:女人和嫉妒
索取号:I267/M251
 
预约/预借
| 序号 | 登录号 | 条形码 | 馆藏地/架位号 | 状态 | 备注 |
| 1 | 115265 | 201152652 | 社科二线400B/400B社科库 26排1列1层/ [索取号:I267/M251] | 在馆 | |
| 2 | 115266 | 201152661 | 社科二线422/422社科库 27排1列1层/ [索取号:I267/M251] | 在馆 | |
| 3 | 115267 | 201152670 | 社科二线422/422社科库 27排1列1层/ [索取号:I267/M251] | 在馆 | |
| 4 | 115268 | 201152689 | 社科二线422/422社科库 27排1列1层/ [索取号:I267/M251] | 在馆 | |
| 5 | 115269 | 201152698 | 社科二线400B/400B社科库 26排1列1层/ [索取号:I267/M251] | 在馆 |